Pays Modernes de l'Empire Mongol sur une Carte - Statistiques

Statistiques générales
  • Ce quiz a été pris 63 fois
  • Le résultat moyen est 26 sur 28
Réponses sur la Carte
Les réponses sont colorées sur une échelle allant du rouge au vert en fonction du pourcentage des utilisateurs qui les ont devinées à leur premier essai. Vous pouvez retrouver ces pourcentages ci-dessous.
 
Statistiques - réponses
Pays % Correct
Chine
100%
Iran
100%
Mongolie
100%
Russie
100%
Biélorussie
98%
Irak
98%
Turquie
98%
Ukraine
98%
Afghanistan
97%
Géorgie
97%
Kazakhstan
97%
Corée du Nord
95%
Corée du Sud
95%
Pakistan
95%
Turkménistan
95%
Arménie
93%
Inde
93%
Ouzbékistan
93%
Pologne
93%
Roumanie
92%
Viêt Nam
92%
Azerbaïdjan
90%
Moldavie
90%
Syrie
90%
Tadjikistan
90%
Kirghizistan
86%
Birmanie
83%
Laos
83%
Aucun quiz correspondant
Distribution des résultats
% des personnes avec chaque résultat
Percentile par nombre de réponses
Votre historique - résultats
Vous n’avez pas pris ce quiz